00958nam a2200289Ia 450000500170000000800410001702000150005810000260007324500580009925000180015730000250017549000140020050000550021453400350026965000350030465000390033965000380037865000330041670000220044970000300047126400320050133600270053333700330056033800280059304000350062108400120065620220317001500.0161108s2005 s g 000 f s  a84788897361 aClarke, Susanad1959-10aJonathan Strange y el señor NorrellcSusanna Clarke a2a. edición a795 páginasc22 cm aNarrativa aIncluye datos biográficos del autor en la solapa tJonathan Strange & Mr. Norrell142LEMBaNovela inglesaySiglo XX142LEMBaLiteratura inglesaySiglo XX142LEMBaFantasía en la literatura142LEMBaMagia en la literatura1 aRosenberg, Portia1 aDe la Fuente, Ana María aBarcelonabSalamandrac2005 atextobtxt2rdacontent asin mediaciónbn2rdamedia avolumenbnc2rdacarrier aCO-BoRNBPbspaerdacCO-BoRNBP aN CLA14